000
00283nam a22001217a 4500
008
160429b xxu||||| |||| 00| 0 eng d
020
_a
9780838525258
020
_a
0838525253
041
_a
eng
080
_a
618.2
245
_a
Family nursing:
_c
Marilyn M. Friedman;
942
_2
udc
_c
BK
999
_c
1675
_d
1675